| 000 | 01096cam a2200361 a 4500 | ||
|---|---|---|---|
| 001 | 658813 | ||
| 005 | 20170105102350.0 | ||
| 008 | 880616s1988 nyua 001 0 eng | ||
| 010 | _a 87023411 | ||
| 020 |
_a0387966145 : _c$42.00 |
||
| 020 | _a3540966145 (Berlin) | ||
| 035 | _a(OCoLC)16647177 | ||
| 035 | _a(OCoLC)ocm16647177 | ||
| 035 | _a(CStRLIN)NYCG88-B44867 | ||
| 035 | _a(NNC)658813 | ||
| 040 | _dNjR | ||
| 050 | 0 |
_aQA402.5 _b.P42 1988 |
|
| 082 | 0 |
_a519.76 _219 |
|
| 090 |
_aQA402.5 _b.P42 1988 |
||
| 100 | 1 | _aPeressini, Anthony L. | |
| 245 | 1 | 4 |
_aThe mathematics of nonlinear programming _cAnthony L. Peressini, Francis E. Sullivan, J.J. Uhl, Jr. |
| 260 |
_aNew York : _bSpringer-Verlag, _cc1988. |
||
| 300 |
_ax, 273 p. : _bill. ; _c25 cm. |
||
| 490 | 1 | _aUndergraduate texts in mathematics | |
| 500 | _aIncludes index. | ||
| 650 | 0 | _aMathematical optimization. | |
| 650 | 0 | _aNonlinear programming. | |
| 700 | 1 | _aSullivan, Francis E. | |
| 700 | 1 |
_aUhl, J. J. _q(J. Jerry) |
|
| 830 | 0 | _aUndergraduate texts in mathematics. | |
| 942 |
_2ddc _cBK |
||
| 999 |
_c11887 _d11887 |
||